000 00764nam a2200229 i 4500
001 bg
245 0 0 _aPrawa i obowiązki akcjonariuszy spółek publicznych /
_cBeata Binek [et al.] ; Komisja Papierów Wartościowych i Giełd.
250 _aWyd. 2 zaktualiz., stan prawny na dzień 1 grudnia 2004 roku.
260 _aWarszawa :
_bnakł. KPWiG,
_c2004.
300 _a242 s. :
_bwykr. ;
_c21 cm.
650 9 _aAkcjonariusze
_xprawo
_zPolska
_ystan na 2004 r.
650 9 _aSpółki publiczne
_xprawo
_zPolska
_ystan na 2004 r.
700 1 _aBinek, Beata.
015 _aPB 5972/2005
020 _a8386897163
040 _cBPK
041 0 _apol
080 _a347.725(438)
920 _a83-86897-16-3
942 _cKS
008 s pl f |000 0 pol
999 _c51407
_d51407
856 _uhttp://koha.tu.koszalin.pl/cgi-bin/koha/opac-detail.pl?biblionumber=51407
_yKatalog online BPK